Ajoneuvon kansallisuustunnus - Kirjaimet L - R - Statistics

Yleistilastot
  • Tätä visaa on pelattu 34 kertaa
  • Keskiarvotulos 32 / 63
Vastaustilastot
Tunnus Valtio, hallintoalue % Oikein
LV Latvia
100%
LT Liettua
100%
MEX Meksiko
100%
NAM Namibia
100%
NEP Nepal
100%
OM Oman
94%
Q Qatar
94%
RUS Venäjä
94%
LAO Laos
88%
NAU Nauru
88%
NIC Nicaragua
88%
PL Puola
81%
RL Libanon
75%
M Malta
75%
MC Monaco
75%
MNE Montenegro
75%
N Norja
75%
RO Romania
75%
NL Alankomaat
69%
LB Liberia
69%
MAL Malesia
69%
PAL Palau
69%
LAR Libya
63%
L Luxemburg
63%
MD Moldova
63%
PK Pakistan
63%
RWA Ruanda
63%
MK Makedonia
56%
RMM Mali
56%
PE Peru
56%
NZ Uusi-Seelanti
56%
MW Malawi
50%
MV Malediivit
50%
RIM Mauritania
50%
MGL Mongolia
50%
PRC Kiina
44%
P Portugali
44%
LS Lesotho
38%
RM Madagaskar
38%
MS Mauritius
38%
RN Niger
38%
PS Palestiina
38%
PA Panama
38%
PY Paraguay
38%
MA Marokko
31%
MOC Mosambik
31%
MH Marshallinsaaret
25%
RSM San Marino
25%
ROK Etelä-Korea
19%
RH Haiti
19%
PNG Papua-Uusi-Guinea
19%
RCA Keski-Afrikan tasavalta
13%
RNR Sambia
13%
ROU Uruguay
13%
RCH Chile
6%
RP Filippiinit
6%
RG Guinea
6%
RI Indonesia
6%
RE Réunion
6%
RC Taiwan
6%
NA Alankomaiden Antillit
0%
RA Argentiina
0%
RU Burundi
0%
Ehtoja vastaavia visoja ei löytynyt
Tulosjakauma
Jokaisen tuloksen saaneiden osuus
Persentiili vastausten määrän mukaan
Tuloshistoriasi
Et ole pelannut tätä visaa